000 002610000a22000970004500
100 1 _aHoward, David M.
245 1 0 _aEstidiantes inician misiones
300 _aVol. 78, Num. 3 (Julio-Septiembre,1988), Página 4
773 0 _tLatin America Evangelist
942 _cANA
999 _c55129
_d55129